Loading...
Studies on carbohydrate metabolism in fish
| Hovedforfatter: | |
|---|---|
| Format: | Printed Book |
| Udgivet: |
Amerind Publishing Company, New Delhi
1982
|
| Fag: |
| LEADER | 00555nam a2200193 4500 | ||
|---|---|---|---|
| 020 | |c 75 | ||
| 082 | |a 597.05724 SHI-S | ||
| 100 | |a Shimeno, Sadao | ||
| 245 | |a Studies on carbohydrate metabolism in fish | ||
| 250 | |||
| 260 | |a Amerind Publishing Company, New Delhi |c 1982 | ||
| 300 | |a 123 | ||
| 490 | |||
| 500 | |||
| 590 | |a PRP |b 2011-03-23 11:13:26 |c 75 | ||
| 650 | |a Fish metabolism | ||
| 942 | |c BK | ||
| 999 | |c 96251 |d 96251 | ||
| 952 | |0 0 |1 0 |4 0 |6 597_057240000000000_SHIS |7 0 |9 109719 |a AQU |b AQU |g 75.00 |l 0 |o 597.05724 SHI-S |p AQU02617 |r 2019-09-25 |w 2019-09-25 |y BK | ||